000 01188nam a2200313 i 4500
001 69899
003 Mx-PuUPA
005 20220825094559.0
008 220805s2017 flua|||gr|||| 00| 0 eng d
020 _a9780367889982
_qrústica
040 _aMx-PuUPA
_bspa
_cMx-PuUPA
_dMx-PuUPA
_erda
041 0 _aeng
100 1 _aDhillon, B. S.
_q(Balbir S.),
_d1947-
_eautor
_913084
245 1 _aEngineering systems reliability, safety, and maintenance :
_ban integrated approach /
_cB.S. Dhillon
264 1 _aBoca Raton, FL :
_bCRC Press,
_c©2017
300 _axix, 278 páginas :
_bilustraciones ;
_c23 cm
336 _2rdacontent
_atexto
_btxt
337 _2rdamedia
_asin medio
_bn
338 _2rdacarrier
_avolumen
_bnc
650 7 _2armarc
_aIngeniería de sistemas
650 7 _2armarc
_aConfiabilidad (Ingeniería)
650 7 _2armarc
_aSeguridad del sistema
650 7 _2armarc
_aIngeniería del sistema
650 7 _2armarc
_aIngeniería de sistemas
_xMantenimiento y reparación
942 _2ddc
_cLI
_h620.0011
_iD534
999 _c69899
_d69899